000 00293nam a22001337a 4500
008 181121b xxu||||| |||| 00| 0 eng d
020 _a9780079042200
041 _aeng
080 _a573
100 _a11
101 _aBIO
245 _aBiology Reading Essentials
_cHill.M
942 _2udc
_cBK
999 _c52250
_d52250